Statistics for Google Maps Interactive Geography Quiz

Click here to take the quiz!

General Stats

  • This quiz has been taken 487 times
  • The average score is 7 of 10

Answer Stats

InstructionAnswer% Correct
Near Quito, Ecuador, what is the name of the Mountain Peak with the initials CGP?Cerro Guagua Pichincha
94%
According to the map, what is the largest city on the coastline of Kenya?Mombasa
87%
What is the name of the southern-most island of Greenland with a name on the map?{Ikeq} Island
85%
Drawing a straight line from Lisbon to Madrid, which Spanish city is in the middle of it?C{áceres}
82%
Between what two "Streets" is the Empire State Building bordered by?33rd + 34th
74%
What is the name of the zoo next to Cairo University, Egypt?{Giza} Zoo
68%
Heading to Svalbard, north of Norway, what is the National Park on the southern tip?{Sør-Spitsbergen} National Park
64%
What 'bay' is located right next to the Hong Kong Disneyland Resort{Discovery} Bay
62%
What is the name of the Hospital just south from The Shard, London?{Guy's} Hospital
59%
What Strait lies between Vancouver Island and Olympic National Park in Washington?Strait of {Juan} {de} {Fuca}
46%

Score Distribution

Percentile by Number Answered

Percent of People with Each Score

Your Score History

You have not taken this quiz